Normal view
MARC view
Entry Personal Name
001 - CONTROL NUMBER
- control field: 34895
003 - CONTROL NUMBER IDENTIFIER
- control field: ARRUPE
005 - DATE AND TIME OF LATEST TRANSACTION
- control field: 20170821083445.0
008 - FIXED-LENGTH DATA ELEMENTS
- fixed length control field: 170821|| aca||aabn | a|a d
040 ## - CATALOGING SOURCE
- Original cataloging agency: ARRUPE
- Transcribing agency: ARRUPE
100 ## - HEADING--PERSONAL NAME
- Personal name: Lourdusamy, Stan
670 ## - SOURCE DATA FOUND
- Source citation: Work cat.: (ARRUPE): Lourdusamy, Stan, Church and social justice, 1979